| 000 | 00456nam a2200145Ia 4500 | ||
|---|---|---|---|
| 005 | 20250424120235.0 | ||
| 008 | 250424s9999 xx 000 0 und d | ||
| 050 | _aExcellence: a publication of the national universities commission | ||
| 245 | 0 | _aAbuja, Nigeria | |
| 260 | _a Dept. of Accounting, Faculty of Administration, Nasarawa State University | ||
| 260 | _b2017 | ||
| 260 | _c39 p. :ill. ; 28 cm. | ||
| 300 | _anuggets of excellence | ||
| 650 | _aSR | ||
| 999 |
_c38187 _d38187 |
||